[Event "Guernsey Open"]
[Site "Guernsey GCI"]
[Date "2008.10.22"]
[Round "4"]
[White "Rowe, Peter"]
[Black "Goris Schouwstra, Adri"]
[Result "1/2-1/2"]
[WhiteElo "2053"]
[BlackElo "1943"]
[PlyCount "105"]
[EventDate "2008.10.19"]
[SourceDate "2006.10.28"]

1. d4 d5 2. Nf3 Nf6 3. Bf4 h6 4. e3 Bf5 5. Nbd2 e6 6. Ne5 Nbd7 7. Ndf3 Nxe5 8.
Nxe5 c6 9. c3 Be7 10. Be2 O-O 11. O-O c5 12. Kh1 cxd4 13. exd4 Nd7 14. g4 Bh7
15. Nf3 Be4 16. Rg1 Bg5 17. Bxg5 Qxg5 18. Rg3 Qf4 19. Kg1 f6 20. Qd2 Qd6 21.
Bd3 e5 22. dxe5 Qe6 23. Bxe4 dxe4 24. Nd4 Qxe5 25. Re1 Qd5 26. Nb3 Qc6 27. Qf4
Rae8 28. Rge3 Qa4 29. Rxe4 Rxe4 30. Qxe4 Qxa2 31. Qc2 Qa4 32. Re4 Qa6 33. Nd4
Ne5 34. h3 Qa2 35. Re2 Qa6 36. f4 Nc6 37. Nf5 Qb6+ 38. Kg2 Qc7 39. Qe4 Kh8 40.
b4 a6 41. Nh4 Rd8 42. Ng6+ Kg8 43. Qc4+ Qf7 44. Qe4 Qc7 45. Qc4+ Qf7 46. Qe4
Qc7 47. h4 Qd7 48. Kf3 h5 49. f5 hxg4+ 50. Kxg4 Qf7 51. h5 Qc7 52. Re3 Kh7 53.
Nf4 1/2-1/2

[Event "Guernsey Open"]
[Site "Guernsey GCI"]
[Date "2008.10.22"]
[Round "4"]
[White "Viviani, Primo"]
[Black "Burton, Ronnie"]
[Result "1-0"]
[WhiteElo "1939"]
[BlackElo "2052"]
[PlyCount "97"]
[EventDate "2008.10.19"]
[SourceDate "2006.10.28"]

1. c4 g6 2. Nc3 Bg7 3. g3 Nf6 4. Bg2 O-O 5. Nf3 d6 6. d4 Nc6 7. d5 Nb8 8. O-O
a5 9. e4 e5 10. Re1 Na6 11. a3 Bd7 12. Rb1 Qc8 13. b4 axb4 14. axb4 Bg4 15. Qb3
Re8 16. Ba3 b6 17. Rec1 Bh3 18. Bh1 Qg4 19. Ne1 Nh5 20. f3 Qg5 21. Kf2 Bh6 22.
Ne2 f5 23. Rc2 Qf6 24. Nc3 Rf8 25. Bg2 Bxg2 26. Nxg2 g5 27. Bc1 fxe4 28. Nxe4
Qg6 29. Kg1 Nf6 30. Qd3 Nxe4 31. fxe4 Rae8 32. c5 Nb8 33. c6 Rf7 34. b5 Ref8
35. Bb2 Rf3 36. Qc4 Bg7 37. Rcc1 h5 38. Rf1 g4 39. Nh4 Rxf1+ 40. Rxf1 Rxf1+ 41.
Kxf1 Qg5 42. Bc1 Qf6+ 43. Ke2 Bh6 44. Bxh6 Qxh6 45. Qc2 Kf7 46. Qd1 Ke8 47. Qf1
Qh7 48. Qf5 Qh6 49. Ng6 1-0

[Event "Guernsey Open"]
[Site "Guernsey GCI"]
[Date "2008.10.22"]
[Round "4"]
[White "Cummins, John M"]
[Black "Van de Griendt, Monique"]
[Result "1/2-1/2"]
[WhiteElo "1919"]
[BlackElo "2049"]
[PlyCount "39"]
[EventDate "2008.10.19"]
[SourceDate "2006.10.28"]

1. Nf3 Nf6 2. d4 c5 3. d5 d6 4. c4 e5 5. dxe6 Bxe6 6. e3 Nc6 7. Be2 g6 8. b3
Bg7 9. Bb2 O-O 10. Nbd2 Bf5 11. a3 Re8 12. O-O Qe7 13. Re1 Rad8 14. Qc1 Ne4 15.
Bxg7 Kxg7 16. Ra2 Ne5 17. Nxe4 Bxe4 18. Nxe5 dxe5 19. f3 Bd3 20. e4 1/2-1/2

[Event "Guernsey Open"]
[Site "Guernsey GCI"]
[Date "2008.10.22"]
[Round "4"]
[White "De Kruif, Kees"]
[Black "Coenen, Albert"]
[Result "1/2-1/2"]
[WhiteElo "2038"]
[BlackElo "1918"]
[PlyCount "35"]
[EventDate "2008.10.19"]
[SourceDate "2006.10.28"]

1. b4 d5 2. Bb2 Bf5 3. e3 e6 4. b5 Nf6 5. c4 dxc4 6. Bxc4 Bd3 7. Qb3 Bxc4 8.
Qxc4 Nbd7 9. Nf3 Nb6 10. Qc2 Be7 11. O-O O-O 12. Nc3 Nc4 13. a4 Nxb2 14. Qxb2
Qd3 15. Ne5 Qf5 16. d4 Bd6 17. f4 Ng4 18. Nxg4 1/2-1/2

[Event "Guernsey Open"]
[Site "Guernsey GCI"]
[Date "2008.10.22"]
[Round "4"]
[White "Van der Sanden, Martin"]
[Black "Gravett, Alan D"]
[Result "0-1"]
[WhiteElo "1884"]
[BlackElo "1948"]
[PlyCount "122"]
[EventDate "2008.10.19"]
[SourceDate "2006.10.28"]

1. e4 c5 2. Nf3 d6 3. d4 Nf6 4. Nc3 cxd4 5. Nxd4 a6 6. Bc4 e6 7. Bb3 Nbd7 8. f4
Nc5 9. f5 Nfxe4 10. fxe6 Nxb3 11. exf7+ Kd7 12. axb3 Qh4+ 13. g3 Nxg3 14. Nf3
Qe7+ 15. Kf2 Nxh1+ 16. Qxh1 Qxf7 17. Be3 Be7 18. Rd1 Rf8 19. Ke2 Ke8 20. Rd4
Qg6 21. Nd5 Bg4 22. Rxg4 Qxg4 23. Nc7+ Kd7 24. Nxa8 Rxa8 25. Kd2 Qb4+ 26. Kc1
Rf8 27. Nd4 Kc8 28. c3 Qa5 29. Qe4 Qe5 30. Qd3 h6 31. Kb1 d5 32. Ka2 Qe4 33.
Qd2 Rf1 34. Nc2 Rf3 35. Bd4 g5 36. Ne1 Rf1 37. Nd3 Bd6 38. b4 Qf3 39. Ne1 Qh1
40. Nc2 Qxh2 41. Qd3 Qf4 42. Ne3 Rf3 43. Qg6 Rxe3 44. Bxe3 Qxe3 45. Qxd6 Qe4
46. Qxh6 g4 47. Qf8+ Kd7 48. Qf7+ Kc6 49. Qf6+ Kb5 50. Qd6 Kc4 51. Qc7+ Kd3 52.
Qg3+ Qf3 53. Qg1 g3 54. Qd4+ Ke2 55. Qe5+ Kf1 56. Qg5 g2 57. Qc1+ Kf2 58. Qd2+
Kg3 59. Qg5+ Kh2 60. Qh4+ Qh3 61. Qf4+ Kh1 0-1

[Event "Guernsey Open"]
[Site "Guernsey GCI"]
[Date "2008.10.22"]
[Round "4"]
[White "Guttridge, David"]
[Black "Blijlevens, Pim"]
[Result "1/2-1/2"]
[WhiteElo "1992"]
[BlackElo "1849"]
[PlyCount "51"]
[EventDate "2008.10.19"]
[SourceDate "2006.10.28"]

1. d4 d6 2. e4 Nf6 3. Nc3 g6 4. g3 Bg7 5. Bg2 O-O 6. Nge2 c5 7. O-O cxd4 8.
Nxd4 Nc6 9. Nb3 a6 10. h3 Qc7 11. Be3 b5 12. Qe2 Bb7 13. a3 Ne5 14. Nd2 Rfc8
15. Rad1 a5 16. f4 Ned7 17. e5 Bxg2 18. Qxg2 dxe5 19. fxe5 Nxe5 20. Nde4 b4 21.
Nxf6+ exf6 22. Nd5 Qxc2 23. Ne7+ Kf8 24. Nxc8 Qxg2+ 25. Kxg2 Rxc8 26. Rfe1
1/2-1/2

[Event "Guernsey Open"]
[Site "Guernsey GCI"]
[Date "2008.10.22"]
[Round "4"]
[White "Badenhop, WEH."]
[Black "Nicholson, J."]
[Result "1/2-1/2"]
[WhiteElo "1900"]
[BlackElo "1877"]
[PlyCount "46"]
[EventDate "2008.10.19"]
[SourceDate "2006.10.28"]

1. c4 e6 2. Nc3 d5 3. g3 d4 4. Nb5 Nf6 5. Nf3 c5 6. d3 a6 7. Na3 Nc6 8. e3 e5
9. exd4 cxd4 10. Nc2 Bf5 11. Nh4 Be6 12. Bg2 Be7 13. O-O O-O 14. Nf3 Re8 15.
Bg5 h6 16. Bxf6 Bxf6 17. Nd2 Be7 18. Rb1 f5 19. f3 g5 20. b4 Qc7 21. a3 b5 22.
c5 Rad8 23. g4 f4 1/2-1/2

[Event "Guernsey Open"]
[Site "Guernsey GCI"]
[Date "2008.10.22"]
[Round "4"]
[White "Brookfield, Toby"]
[Black "Glover, John"]
[Result "1/2-1/2"]
[WhiteElo "1763"]
[BlackElo "1888"]
[PlyCount "155"]
[EventDate "2008.10.19"]
[SourceDate "2006.10.28"]

1. Nf3 f5 2. d4 Nf6 3. g3 e6 4. Bg2 Be7 5. O-O O-O 6. c4 d6 7. Nc3 Qe8 8. Rb1
Nc6 9. Ne1 e5 10. e3 a5 11. a3 Kh8 12. Nd5 Bd8 13. Nxf6 Rxf6 14. d5 Ne7 15. b4
a4 16. Bb2 Rh6 17. Nd3 Qg6 18. f4 e4 19. Nf2 Ng8 20. Qe2 Bf6 21. Rfc1 Qf7 22.
Qd1 Bxb2 23. Rxb2 Nf6 24. Rd2 Bd7 25. c5 Be8 26. Bf1 Qe7 27. Be2 Bh5 28. Bxh5
Nxh5 29. Rdc2 dxc5 30. Rxc5 Rc8 31. d6 Qxd6 32. Qxd6 Rxd6 33. Rxc7 Rxc7 34.
Rxc7 Nf6 35. Rxb7 Kg8 36. Kf1 Nd7 37. Rc7 Kf7 38. Ke2 Ke6 39. Nd1 Rd3 40. Rc3
Rxc3 41. Nxc3 Nb6 42. Nb5 g6 43. Nd4+ Kd5 44. h3 Nc4 45. Nc2 h6 46. g4 fxg4 47.
hxg4 Kd6 48. Kf2 Ke6 49. Kg3 Kf6 50. Kf2 Ke7 51. Kg3 Kf6 52. Kg2 Ke7 53. Kf2
Kf7 54. b5 Ke7 55. Nd4 Nxa3 56. b6 Kd6 57. f5 gxf5 58. gxf5 Nc4 59. b7 Kc7 60.
f6 Ne5 61. Kg3 Kxb7 62. Kf4 Nf7 63. Kxe4 a3 64. Kd5 a2 65. Nc2 h5 66. Ke4 Kc7
67. Kf4 {(=)} Kd6 68. Kg3 Ke5 69. Kh4 Kxf6 70. Kxh5 Kf5 71. Kh4 Ke4 72. Kg3 Nd6
73. Kf2 Nc4 74. Ke2 Nxe3 75. Na1 Kd4 76. Kd2 Nd5 77. Kc2 Nb4+ 78. Kb2 1/2-1/2

[Event "Guernsey Open"]
[Site "Guernsey GCI"]
[Date "2008.10.22"]
[Round "4"]
[White "Heath, Jeffrey"]
[Black "Bridel, Jon R"]
[Result "1-0"]
[WhiteElo "1925"]
[BlackElo "1482"]
[PlyCount "105"]
[EventDate "2008.10.19"]
[SourceDate "2006.10.28"]

1. e4 b6 2. Nc3 Bb7 3. Bc4 e6 4. d3 Bb4 5. Bd2 Nf6 6. a3 Bxc3 7. Bxc3 d5 8. Bb3
dxe4 9. f3 exd3 10. cxd3 Ba6 11. Bc2 O-O 12. Qd2 Nd5 13. Be5 Nc6 14. Bg3 Nd4
15. Bd1 Qf6 16. Ne2 Nxe2 17. Bxe2 c5 18. O-O Rfd8 19. f4 Rd7 20. Rf3 Rad8 21.
Qc2 Ne7 22. Rd1 Bb7 23. Rff1 Nf5 24. Bf2 Qg6 25. Bg3 Ne3 26. Qa4 Nxf1 27. Rxf1
a6 28. f5 exf5 29. Qh4 Rd4 30. Rf4 Qf6 31. Qxf6 gxf6 32. Rxf5 Kg7 33. Bc7 Re8
34. Bf1 Kg6 35. Rf2 b5 36. Ba5 Re1 37. Bxe1 c4 38. Bc3 Rg4 39. Rxf6+ Kg5 40.
Rxf7 Bd5 41. Rg7+ Kf5 42. Rxg4 Kxg4 43. dxc4 bxc4 44. Kf2 h5 45. Be2+ Kg5 46.
Bd2+ Kg6 47. Bf3 Be6 48. Be4+ Kf7 49. a4 Bd7 50. a5 Be6 51. Bb7 c3 52. Bxc3 h4
53. Bxa6 1-0

[Event "Guernsey Open"]
[Site "Guernsey GCI"]
[Date "2008.10.23"]
[Round "5"]
[White "Kurajica, Bojan"]
[Black "Hillarp Persson, Tiger"]
[Result "1/2-1/2"]
[WhiteElo "2540"]
[BlackElo "2543"]
[PlyCount "38"]
[EventDate "2008.10.19"]
[SourceDate "2006.10.28"]

1. d4 d5 2. e3 Nf6 3. c4 c6 4. Nf3 Bg4 5. cxd5 cxd5 6. Qb3 Qc7 7. Nc3 Bxf3 8.
gxf3 e6 9. e4 Nc6 10. Bf4 Qd7 11. O-O-O Be7 12. Rg1 g6 13. Bh6 O-O-O 14. Kb1
Kb8 15. Bf4+ Ka8 16. Nb5 Rc8 17. Be5 Rhd8 18. Bh3 Na5 19. Qa4 a6 1/2-1/2

[Event "Guernsey Open"]
[Site "Guernsey GCI"]
[Date "2008.10.23"]
[Round "5"]
[White "Spraggett, Kevin"]
[Black "Wallace, Paul Anthony"]
[Result "1-0"]
[WhiteElo "2597"]
[BlackElo "2259"]
[PlyCount "100"]
[EventDate "2008.10.19"]
[SourceDate "2006.10.28"]

1. c4 Nf6 2. Nf3 g6 3. b3 Bg7 4. Bb2 O-O 5. g3 c5 6. Bg2 Nc6 7. O-O d6 8. d3
Rb8 9. Nc3 a6 10. Qd2 b5 11. Rfd1 Qb6 12. Rac1 Bb7 13. e3 e5 14. Qe2 Rfe8 15.
Ba1 Na7 16. Qc2 Rbc8 17. h3 Nc6 18. Qb1 h6 19. Nd2 Ne7 20. Nf3 Nc6 21. Rd2 Nd8
22. Bb2 Bc6 23. e4 Ne6 24. Nd5 Bxd5 25. cxd5 Nd4 26. Nxd4 exd4 27. Rdc2 Nd7 28.
Rd1 b4 29. Bc1 a5 30. f4 a4 31. Rf2 Ra8 32. Rdf1 f5 33. g4 Kh7 34. Bf3 Rg8 35.
Kh1 axb3 36. axb3 Bf6 37. h4 Qd8 38. Rh2 fxg4 39. Bxg4 Rg7 40. Qc2 Ra1 41. Rg1
Nf8 42. Qg2 Qe7 43. Qd2 Kg8 44. Qb2 Qa7 45. Re1 Re7 46. Bf3 Kh7 47. Qd2 Bg7 48.
h5 Qa8 49. hxg6+ Nxg6 50. e5 Qd8 1-0

[Event "Guernsey Open"]
[Site "Guernsey GCI"]
[Date "2008.10.23"]
[Round "5"]
[White "Bisby, Daniel L"]
[Black "Burrows, Martin P"]
[Result "1-0"]
[WhiteElo "2287"]
[BlackElo "2196"]
[PlyCount "135"]
[EventDate "2008.10.19"]
[SourceDate "2006.10.28"]

1. e4 c5 2. Nf3 d6 3. d4 cxd4 4. Nxd4 Nf6 5. Nc3 a6 6. Be3 e5 7. Nf3 Qc7 8. a4
Be6 9. Be2 h6 10. O-O Be7 11. Nd5 Nxd5 12. exd5 Bf5 13. Bd3 Bxd3 14. cxd3 Nd7
15. Rc1 Qb8 16. Nd2 Nf6 17. Nc4 Bd8 18. a5 O-O 19. Qf3 Kh8 20. Nxd6 Bxa5 21.
Nc4 Qd8 22. Bc5 Re8 23. b4 b6 24. Bd6 b5 25. Nxe5 Kg8 26. Rc6 Bxb4 27. Nxf7
Kxf7 28. Bxb4 Kg8 29. d6 a5 30. Bc5 a4 31. Rc7 Rc8 32. Qb7 Rxc7 33. dxc7 Qd7
34. h3 Rc8 35. Bd6 Ne8 36. Be5 Kf7 37. Rb1 Ke6 38. Rxb5 a3 39. Rb6+ Ke7 40. Qa6
Nxc7 41. Qxa3+ Ke8 42. Qb3 Qd5 43. Bxc7 Qxb3 44. Rxb3 Rxc7 45. Kf1 Ke7 46. Ke2
Ke6 47. Ke3 h5 48. Rb6+ Kf5 49. Rb5+ Kg6 50. h4 Re7+ 51. Kd2 Rf7 52. Rg5+ Kh6
53. Ke3 Re7+ 54. Kf4 g6 55. Re5 Rf7+ 56. Ke3 Kg7 57. f3 Ra7 58. g4 hxg4 59.
fxg4 Ra1 60. Kf4 Kf6 61. g5+ Kf7 62. Re4 Ra5 63. Rb4 Ra3 64. Ke4 Ra1 65. Rb7+
Ke6 66. Rb6+ Kf7 67. Rf6+ Kg7 68. Rf4 1-0

[Event "Guernsey Open"]
[Site "Guernsey GCI"]
[Date "2008.10.23"]
[Round "5"]
[White "Timmermans, Ivo"]
[Black "Hamperl, Fred A"]
[Result "1-0"]
[WhiteElo "2226"]
[BlackElo "2076"]
[PlyCount "73"]
[EventDate "2008.10.19"]
[SourceDate "2006.10.28"]

1. e4 c5 2. Nf3 Nc6 3. d4 cxd4 4. Nxd4 e5 5. Nb5 d6 6. N1c3 a6 7. Na3 b5 8. Nd5
Nce7 9. c4 Nxd5 10. exd5 bxc4 11. Nxc4 Nf6 12. Be3 Rb8 13. Be2 Be7 14. O-O O-O
15. a4 Bb7 16. Nb6 Nd7 17. a5 f5 18. f3 Nxb6 19. Bxb6 Qe8 20. b4 Rf6 21. Rb1
Rh6 22. f4 Bd8 23. Be3 e4 24. b5 Ra8 25. bxa6 Bxa6 26. Bxa6 Rxa6 27. Rb8 Rf6
28. Kh1 Rf8 29. Bb6 Qe7 30. Qe2 Rxa5 31. Rxd8 Rxd5 32. Qc4 Qe6 33. Rxf8+ Kxf8
34. Bd4 Re5 35. Qc7 Rd5 36. Qxg7+ Ke8 37. Ra1 1-0

[Event "Guernsey Open"]
[Site "Guernsey GCI"]
[Date "2008.10.23"]
[Round "5"]
[White "Cornelisse, Johnny JA"]
[Black "Brown, Tom"]
[Result "1/2-1/2"]
[WhiteElo "2203"]
[BlackElo "1966"]
[PlyCount "52"]
[EventDate "2008.10.19"]
[SourceDate "2006.10.28"]

1. d4 Nf6 2. c4 g6 3. Nc3 Bg7 4. e4 d6 5. Be2 O-O 6. Nf3 Na6 7. Qc2 c5 8. O-O
Nb4 9. Qd1 cxd4 10. Nxd4 Nc6 11. Be3 Bd7 12. Rc1 Qa5 13. Nb3 Qd8 14. c5 Be6 15.
cxd6 exd6 16. Nd4 Nxd4 17. Bxd4 Qe7 18. Qa4 a6 19. Qb4 Rfc8 20. a4 Rc6 21. Rfd1
Rac8 22. Be5 Bf8 23. Bf4 d5 24. Qxe7 Bxe7 25. exd5 Nxd5 26. Nxd5 Bxd5 1/2-1/2

[Event "Guernsey Open"]
[Site "Guernsey GCI"]
[Date "2008.10.23"]
[Round "5"]
[White "Minnican, Alan William"]
[Black "Bellin, Robert"]
[Result "1/2-1/2"]
[WhiteElo "2086"]
[BlackElo "2405"]
[PlyCount "33"]
[EventDate "2008.10.19"]
[SourceDate "2006.10.28"]

1. Nf3 e6 2. e4 c5 3. d3 Nc6 4. g3 d5 5. Nbd2 Bd6 6. Bg2 Nge7 7. O-O b6 8. Re1
Bb7 9. c3 h6 10. a3 a5 11. h4 Ba6 12. exd5 Nxd5 13. d4 cxd4 14. Nxd4 Nxd4 15.
cxd4 O-O 16. Nf3 Rc8 17. Ne5 1/2-1/2

[Event "Guernsey Open"]
[Site "Guernsey GCI"]
[Date "2008.10.23"]
[Round "5"]
[White "Westerkamp, Bert"]
[Black "Broek, Thomas"]
[Result "0-1"]
[WhiteElo "2070"]
[BlackElo "2229"]
[PlyCount "56"]
[EventDate "2008.10.19"]
[SourceDate "2006.10.28"]

1. Nf3 c5 2. c4 g6 3. Nc3 Bg7 4. d4 cxd4 5. Nxd4 Nc6 6. e3 Nf6 7. Be2 O-O 8.
O-O d6 9. Re1 Bd7 10. Bf3 Ne5 11. Bxb7 Rb8 12. Bd5 e6 13. f4 exd5 14. fxe5 dxe5
15. Nf3 e4 16. Ne5 dxc4 17. Nxc4 Qc7 18. Nd2 Ng4 19. Nf1 Be5 20. Nxe4 Bxh2+ 21.
Kh1 Rb4 22. Nfd2 f5 23. a3 fxe4 24. Nxe4 Bg1 25. Qd6 Nf2+ 26. Kxg1 Qxd6 27.
Nxd6 Rh4 28. g3 Rh1+ 0-1

[Event "Guernsey Open"]
[Site "Guernsey GCI"]
[Date "2008.10.23"]
[Round "5"]
[White "Simmons, Matthew"]
[Black "Goater, Kevin P"]
[Result "1/2-1/2"]
[WhiteElo "2067"]
[BlackElo "2205"]
[PlyCount "67"]
[EventDate "2008.10.19"]
[SourceDate "2006.10.28"]

1. e4 g6 2. d4 Bg7 3. Nc3 d6 4. Be3 b6 5. Qd2 Nd7 6. Nf3 h6 7. Bb5 e6 8. a4 Ne7
9. a5 Rb8 10. axb6 axb6 11. O-O g5 12. Ne1 c6 13. Be2 d5 14. f4 Qc7 15. exd5
exd5 16. Bd3 Nf6 17. Nf3 g4 18. Ne5 Bf5 19. Rfe1 O-O 20. Bf2 h5 21. Nxc6 Qxc6
22. Rxe7 Bxd3 23. Qxd3 Rfe8 24. Raa7 Rxe7 25. Rxe7 b5 26. Qf5 b4 27. Ne2 Ra8
28. h3 Re8 29. Rxe8+ Qxe8 30. Qe5 Qa4 31. b3 Qa1+ 32. Kh2 Ne4 33. Qe8+ Kh7 34.
Qxf7 1/2-1/2

[Event "Guernsey Open"]
[Site "Guernsey GCI"]
[Date "2008.10.23"]
[Round "5"]
[White "Reijneveld, Ad"]
[Black "Prins, Jan"]
[Result "1/2-1/2"]
[WhiteElo "2196"]
[BlackElo "2045"]
[PlyCount "41"]
[EventDate "2008.10.19"]
[SourceDate "2006.10.28"]

1. Nc3 d5 2. e4 d4 3. Nce2 e5 4. Ng3 Be6 5. c3 c5 6. Bb5+ Nd7 7. Nf3 Bd6 8. d3
a6 9. Bxd7+ Qxd7 10. Ng5 g6 11. O-O f6 12. Nxe6 Qxe6 13. Ne2 g5 14. Ng3 Ne7 15.
Qh5+ Qf7 16. cxd4 cxd4 17. Qf3 h5 18. Nf5 Nxf5 19. Qxf5 Ke7 20. Bd2 Qe6 21.
Qxe6+ 1/2-1/2

[Event "Guernsey Open"]
[Site "Guernsey GCI"]
[Date "2008.10.23"]
[Round "5"]
[White "Van Ingen, Ton"]
[Black "Spice, Alan"]
[Result "1/2-1/2"]
[WhiteElo "2051"]
[BlackElo "2173"]
[PlyCount "127"]
[EventDate "2008.10.19"]
[SourceDate "2006.10.28"]

1. d4 d5 2. Nf3 Nf6 3. c4 dxc4 4. Nc3 a6 5. a4 Nc6 6. e3 Na5 7. Ne5 c5 8. Nxc4
cxd4 9. Nxa5 Qxa5 10. exd4 Be6 11. Be3 Nd5 12. Qd2 g6 13. Be2 Bg7 14. O-O O-O
15. Nxd5 Qxd2 16. Nxe7+ Kh8 17. Bxd2 Bxd4 18. Bb4 Rfe8 19. Bf3 Bxb2 20. Rab1 a5
21. Bc5 Bf6 22. Rxb7 Rab8 23. Rfb1 Rxb7 24. Rxb7 Kg7 25. g4 Rd8 26. Nc6 Rd3 27.
Kg2 Rxf3 28. Kxf3 Bd5+ 29. Kg3 Bxc6 30. Ra7 Be5+ 31. f4 Bc3 32. Bb6 Be1+ 33.
Kh3 Bxa4 34. Bd4+ Kf8 35. Bf6 Bc6 36. Rc7 Bb5 37. Rc8+ Be8 38. Bg7+ Ke7 39. Bc3
Bd7 40. Rc7 Bxc3 41. Rxc3 h5 42. Rc5 a4 43. Kg3 Bxg4 44. Kf2 Kd6 45. Ra5 Bd1
46. Ke1 Bb3 47. Kd2 h4 48. Kd3 h3 49. Kd4 Ke6 50. Ke3 Kf6 51. Kf2 Bc2 52. Kf3
Bd1+ 53. Ke3 Kg7 54. Kf2 Kf6 55. Ke3 Ke6 56. Kd2 Bb3 57. Ke3 f6 58. Ke2 g5 59.
fxg5 fxg5 60. Rxg5 a3 61. Ra5 a2 62. Kf2 Kd6 63. Kg3 Be6 64. Rxa2 1/2-1/2

[Event "Guernsey Open"]
[Site "Guernsey GCI"]
[Date "2008.10.23"]
[Round "5"]
[White "Havenaar, Jan"]
[Black "Dijksterhuis, Rolf"]
[Result "1-0"]
[WhiteElo "2170"]
[BlackElo "2040"]
[PlyCount "57"]
[EventDate "2008.10.19"]
[SourceDate "2006.10.28"]

1. e4 e5 2. Nf3 Nf6 3. Nxe5 d6 4. Nf3 Nxe4 5. d4 d5 6. Bd3 Be7 7. O-O O-O 8. c4
c6 9. Nc3 f5 10. cxd5 cxd5 11. Qb3 Nxc3 12. bxc3 Nc6 13. Bf4 Kh8 14. Rfe1 Na5
15. Qc2 Bd7 16. Re2 Rc8 17. Rae1 Bf6 18. Bd6 Rg8 19. Be5 Rf8 20. Bxf6 Qxf6 21.
Ne5 Be8 22. Qb2 b6 23. Qa3 Rd8 24. Nf3 Bf7 25. Re5 g6 26. Re7 Nc6 27. Rc7 Rfe8
28. Rxe8+ Rxe8 29. Bb5 1-0

[Event "Guernsey Open"]
[Site "Guernsey GCI"]
[Date "2008.10.23"]
[Round "5"]
[White "Thurlow, Kevin J"]
[Black "Heppell, Ian N"]
[Result "1-0"]
[WhiteElo "2062"]
[BlackElo "2168"]
[PlyCount "43"]
[EventDate "2008.10.19"]
[SourceDate "2006.10.28"]

1. c4 e5 2. Nc3 Nc6 3. e3 d6 4. g3 Be7 5. Bg2 f5 6. Nge2 Nf6 7. O-O O-O 8. d4
Qe8 9. b3 Kh8 10. Bb2 Bd7 11. Nd5 Bd8 12. Rc1 Nxd5 13. cxd5 Nb4 14. Qd2 Bb5 15.
Qxb4 Bxe2 16. Rfe1 Ba6 17. dxe5 dxe5 18. Bxe5 Rc8 19. Qd4 Rf7 20. e4 fxe4 21.
Rxe4 Qf8 22. Bh3 1-0

[Event "Guernsey Open"]
[Site "Guernsey GCI"]
[Date "2008.10.23"]
[Round "5"]
[White "Paardekam, Rene"]
[Black "Wismayer, Clive R"]
[Result "1/2-1/2"]
[WhiteElo "1784"]
[BlackElo "2111"]
[PlyCount "121"]
[EventDate "2008.10.19"]
[SourceDate "2006.10.28"]

1. e4 e6 2. d4 d5 3. Nc3 dxe4 4. Nxe4 Bd7 5. Nf3 Bc6 6. Bd3 Nd7 7. O-O Ngf6 8.
Ned2 Be7 9. Re1 O-O 10. c3 a5 11. Qc2 Bxf3 12. Nxf3 c5 13. Be3 Qc7 14. Qe2 Rfd8
15. Rad1 h6 16. Nd2 Rac8 17. a3 {(=)} Nd5 18. Nf3 c4 19. Bb1 b5 20. Qc2 Nf8 21.
Bd2 f5 22. Ne5 Bd6 23. g4 Bxe5 24. Rxe5 Nf6 25. gxf5 Ng4 26. Rde1 Nxe5 27. Rxe5
exf5 28. Qxf5 Qd7 29. Rxb5 Rb8 30. Qxd7 Nxd7 31. Ba2 Rdc8 32. a4 Rxb5 33. axb5
a4 34. Bf4 Kf7 35. Bd6 Ke6 36. Bb4 Kd5 37. Bb1 Rb8 38. f3 Nf6 39. Bc2 Rxb5 40.
Bxa4 Rb8 41. Kf2 Ne8 42. Bc2 Nd6 43. b3 Nb5 44. Be4+ Ke6 45. bxc4 Nxd4 46. Bd5+
Kf5 47. cxd4 Rxb4 48. Kg3 Ra4 49. h4 g6 50. Be4+ Kf6 51. Bd5 Ra1 52. Bg8 Kg7
53. Be6 Kf6 54. Bg8 Rd1 55. d5 Rc1 56. d6 Rd1 57. Bd5 Rd4 58. Kh2 Rd1 59. Kg3
Rd4 60. Kh3 Rd1 61. Kg3 1/2-1/2

[Event "Guernsey Open"]
[Site "Guernsey GCI"]
[Date "2008.10.23"]
[Round "5"]
[White "Spanton, Timothy"]
[Black "Goris, Ton"]
[Result "1/2-1/2"]
[WhiteElo "1982"]
[BlackElo "2077"]
[PlyCount "93"]
[EventDate "2008.10.19"]
[SourceDate "2006.10.28"]

1. e4 e6 2. d3 d5 3. Nd2 Nf6 4. Ngf3 Nc6 5. c3 a5 6. e5 Nd7 7. d4 b6 8. Bb5 Na7
9. Bd3 c5 10. O-O Nc6 11. Bb5 Qc7 12. Qe2 Be7 13. Re1 cxd4 14. Bxc6 Qxc6 15.
Nxd4 Qc7 16. Nb5 Qb8 17. Nf3 Ba6 18. Nfd4 O-O 19. Qh5 g6 20. Qe2 Rc8 21. Bf4
Rc5 22. a4 Qe8 23. Qg4 Bf8 24. Re3 Bxb5 25. Nxb5 Rc4 26. b3 Rc6 27. Rae1 Bc5
28. Rh3 f5 29. exf6 Nxf6 30. Qh4 Qf7 31. Bg5 Ne4 32. Rf3 Qd7 33. Be3 Rf8 34.
Rxf8+ Bxf8 35. Bd4 Bg7 36. Qh3 Bxd4 37. cxd4 Qe7 38. Qe3 Qg5 39. Qxg5 Nxg5 40.
f3 {(=)} h6 41. h4 Nh7 42. Kf2 Kg7 43. Re3 Nf6 44. Rc3 Rxc3 {(=)} 45. Nxc3 Nd7
46. Ke3 Kf6 47. g3 1/2-1/2

[Event "Guernsey Open"]
[Site "Guernsey GCI"]
[Date "2008.10.23"]
[Round "5"]
[White "Downey, Keith A"]
[Black "Kett, Timothy"]
[Result "0-1"]
[WhiteElo "1887"]
[BlackElo "2272"]
[PlyCount "50"]
[EventDate "2008.10.19"]
[SourceDate "2006.10.28"]

1. c4 e5 2. g3 Nf6 3. Bg2 d6 4. Nc3 g6 5. d3 Bg7 6. Rb1 Nbd7 7. e4 O-O 8. Nge2
Nh5 9. O-O f5 10. exf5 gxf5 11. f4 Ndf6 12. Kh1 Kh8 13. b4 Qe8 14. Nb5 Qf7 15.
a4 a6 16. Na3 Qg6 17. Nc2 e4 18. Bb2 Bd7 19. b5 axb5 20. axb5 Rad8 21. Nc3
Nxg3+ 22. hxg3 Qh6+ 23. Kg1 Ng4 24. Re1 Qh2+ 25. Kf1 Qxg3 0-1

[Event "Guernsey Open"]
[Site "Guernsey GCI"]
[Date "2008.10.23"]
[Round "5"]
[White "Jackson, Oliver A"]
[Black "Collier, David O"]
[Result "1-0"]
[WhiteElo "2182"]
[BlackElo "2089"]
[PlyCount "89"]
[EventDate "2008.10.19"]
[SourceDate "2006.10.28"]

1. e4 c5 2. Nc3 e6 3. f4 a6 4. Nf3 d5 5. d3 Nf6 6. Qe2 d4 7. Nd1 Nc6 8. g3 g6
9. Bg2 Bg7 10. O-O O-O 11. Nf2 b5 12. Bd2 Ra7 13. g4 Ne8 14. f5 exf5 15. gxf5
Re7 16. Ng4 Bxf5 17. Nh6+ Bxh6 18. Bxh6 Ng7 19. Qf2 Bc8 20. Rae1 f6 21. e5 Nxe5
22. Nxe5 Rxe5 23. Rxe5 fxe5 24. Bd5+ Be6 25. Qxf8+ Qxf8 26. Rxf8+ Kxf8 27. Bxe6
Ke7 28. Bc8 Nf5 29. Bg5+ Kd6 30. Bxa6 Kc6 31. Kf2 Nd6 32. Be7 Nf5 33. Bf6 Ne3
34. Bc8 Nxc2 35. Bxe5 Kd5 36. Bf4 Nb4 37. Bb7+ Ke6 38. Ke2 c4 39. dxc4 bxc4 40.
a4 Nd3 41. Kf3 Nxb2 42. a5 c3 43. a6 d3 44. Be4 d2 45. Bc2 1-0

[Event "Guernsey Open"]
[Site "Guernsey GCI"]
[Date "2008.10.23"]
[Round "5"]
[White "Taylor, Mark V"]
[Black "Von Saldern, Ruediger"]
[Result "1/2-1/2"]
[WhiteElo "2146"]
[BlackElo "2057"]
[PlyCount "90"]
[EventDate "2008.10.19"]
[SourceDate "2006.10.28"]

1. d4 d5 2. Nc3 Nf6 3. Bg5 e6 4. e4 dxe4 5. Nxe4 Be7 6. Bxf6 gxf6 7. Nf3 f5 8.
Nc3 c6 9. Qd2 Nd7 10. Bd3 b6 11. O-O-O Bb7 12. Rhe1 O-O 13. Kb1 Bf6 14. g4 c5
15. d5 Kh8 16. gxf5 exd5 17. Rg1 Ne5 18. Nxe5 Bxe5 19. f6 Qxf6 20. Bxh7 Rad8
21. Qe2 Bf4 22. Qh5 Qh6 23. Qxh6 Bxh6 24. Bf5 Rg8 25. a3 d4 26. Ne4 Rge8 27.
Nf6 Re5 28. Bd3 Rg5 29. Ng4 Bg7 30. Rde1 Bf3 31. Rg3 Bxg4 32. h3 Re5 33. Rxe5
Bxe5 34. Rxg4 Bf6 35. Ka2 Rg8 36. Kb3 Rg5 37. Rxg5 Bxg5 38. Ka4 Bc1 39. b3 Kg7
40. Kb5 Bxa3 41. Ka6 Bb4 42. Kxa7 Ba5 43. Kb7 Kh6 44. Bf5 Kg5 45. Bd7 f5
1/2-1/2

[Event "Guernsey Open"]
[Site "Guernsey GCI"]
[Date "2008.10.23"]
[Round "5"]
[White "Vickery, Jim"]
[Black "Ozanne, M."]
[Result "1-0"]
[WhiteElo "2113"]
[BlackElo "2042"]
[PlyCount "80"]
[EventDate "2008.10.19"]
[SourceDate "2006.10.28"]

1. d4 Nf6 2. Nf3 g6 3. c4 Bg7 4. Nc3 O-O 5. e4 d6 6. Be2 e5 7. d5 a5 8. Bg5 h6
9. Bh4 Na6 10. Nd2 Qe8 11. a3 Bd7 12. b3 Nh7 13. O-O h5 14. f3 Bh6 15. Bf2 Qe7
16. Qc2 h4 17. Rfd1 Bf4 18. Bf1 Qg5 19. Rab1 Nf6 20. b4 axb4 21. axb4 Nh5 22.
c5 Kg7 23. Nc4 h3 24. g3 Bxg3 25. hxg3 Nxg3 26. Be3 Qf6 27. Kh2 Rh8 28. Qf2
Nxf1+ 29. Rxf1 Rh4 30. Qg3 Rh5 31. Rg1 Qe7 32. cxd6 cxd6 33. Nb6 Rf8 34. Nxd7
Qxd7 35. Qg4 Qc7 36. Qxh5 Rh8 37. Qg5 Qxc3 38. Rgc1 Qd3 39. Qg1 Qe2+ 40. Qf2
Qb5 1-0